[Event "Sofia An Pasan op 10th"]
[Site "Sofia"]
[Date "2015.11.01"]
[Round "4"]
[White "Pavlov, Vladimir1"]
[Black "Petkov, Gabriel"]
[Result "1-0"]
[WhiteElo "1723"]
[BlackElo "1319"]
[PlyCount "45"]
[EventDate "2015.10.31"]
[EventType "swiss"]
[EventRounds "6"]
[EventCountry "BUL"]
[SourceTitle "CBM 169 Extra"]
[Source "ChessBase"]
[SourceDate "2015.12.18"]
[SourceVersion "1"]
[SourceVersionDate "2015.12.18"]
[SourceQuality "1"]

1. e4 c5 2. Nf3 Nc6 3. d3 d6 4. g3 g6 5. Bg2 Bg7 6. 0-0 Bd7 7. Nh4 Nf6 8. f4 0-0 9. Nc3 Rc8 10. Be3 a6 11. h3 b5 12. g4 Na5 13. f5 b4 14. Ne2 c4 15. d4 Bc6 16. Ng3 d5 17. e5 Ne4 18. Bxe4 dxe4 19. g5 Qd5 20. f6 exf6 21. exf6 Bh8 22. Nhf5 Rc7 23. Nh6# 1-0